[Event "Tournoi du Cavalier Cap d'Agde 2008"]
[Site "Cap d'Agde FRA"]
[Date "2008.10.28"]
[Round "5.1"]
[White "Penalver, Frederic"]
[Black "Natale, Rodolphe"]
[Result "0-1"]
[WhiteElo "1941"]
[BlackElo "2000"]
[EventDate "2008.??.??"]
[PlyCount "88"]

1.e4 c5 2.Nc3 Nc6 3.g3 g6 4.Bg2 Bg7 5.d3 e6 6.f4 Nge7 7.Nf3 d6 8.Be3 Rb8 
9.O-O O-O 10.Bf2 b5 11.e5 dxe5 12.fxe5 Nxe5 13.Bxc5 Nxf3+ 14.Bxf3 Bd4+ 15.
Bxd4 Qxd4+ 16.Kg2 Nf5 17.Re1 Ne3+ 18.Rxe3 Qxe3 19.Qe1 Qxe1 20.Rxe1 Bb7 21.
Ne4 Bxe4 22.Rxe4 Rfc8 23.Bd1 Rb6 24.Kf3 Rc5 25.c3 e5 26.Bb3 Kg7 27.h4 a5 
28.a3 f5 29.Re1 Rd6 30.Bc2 b4 31.axb4 axb4 32.c4 Ra5 33.b3 Ra2 34.Re2 Kf6 
35.g4 Rxc2 36.Rxc2 Rxd3+ 37.Ke2 Rxb3 38.c5 Rc3 39.Rb2 b3 40.gxf5 gxf5 41.
Rb1 e4 42.Kd2 Rd3+ 43.Ke2 Ke5 44.c6 Kd6 0-1

[Event "Tournoi du Cavalier Cap d'Agde 2008"]
[Site "Cap d'Agde FRA"]
[Date "2008.10.28"]
[Round "4.10"]
[White "Charvin, Olivier"]
[Black "Rosenfeld, Imre"]
[Result "1-0"]
[WhiteElo "2066"]
[BlackElo "1958"]
[EventDate "2008.??.??"]
[PlyCount "97"]

1.e4 e6 2.d4 d5 3.e5 c5 4.c3 Qb6 5.Nf3 Nc6 6.a3 Nh6 7.b4 cxd4 8.cxd4 Nf5 
9.Bb2 Bd7 10.Be2 Be7 11.g4 Nh4 12.Nxh4 Bxh4 13.O-O O-O 14.Kg2 f6 15.f4 
fxe5 16.dxe5 g5 17.f5 Rac8 18.b5 Na5 19.Bd4 Qc7 20.Bd3 Nc4 21.Qe2 Bxb5 22.
Nc3 Bd7 23.f6 Be8 24.Rf3 b6 25.Rg1 Qd7 26.a4 a6 27.Rb1 Rc6 28.Rbf1 Bf7 29.
Qc2 h6 30.Rh3 Qe8 31.Rff3 Rc7 32.Rxh4 gxh4 33.Rh3 h5 34.Qc1 Bg6 35.Qg5 Rg7
36.fxg7 Kxg7 37.gxh5 Qf7 38.Qxg6+ Qxg6+ 39.hxg6 Rf4 40.Bxc4 Rxd4 41.Bxa6 
Rd2+ 42.Kg1 Kxg6 43.Rf3 Kg5 44.Bc8 Kg4 45.Rf8 Rd3 46.Bxe6+ Kg5 47.Nxd5 h3 
48.Rg8+ Kh6 49.Rh8+ 1-0

[Event "Tournoi du Cavalier Cap d'Agde 2008"]
[Site "Cap d'Agde FRA"]
[Date "2008.10.28"]
[Round "4.9"]
[White "Rachid, Danial"]
[Black "Fournier, Camille"]
[Result "0-1"]
[WhiteElo "1853"]
[BlackElo "2030"]
[EventDate "2008.??.??"]
[PlyCount "80"]

1.e4 e5 2.Nf3 Nf6 3.Nc3 Bb4 4.Bc4 O-O 5.d3 d6 6.h3 Be6 7.Bb3 Nbd7 8.O-O c6
9.Bg5 Qc7 10.Nd2 d5 11.f4 exf4 12.Bxf4 Bc5+ 13.Kh1 Bd6 14.Bxd6 Qxd6 15.Qf3
d4 16.Ne2 Rad8 17.Qf4 Qxf4 18.Nxf4 Bxb3 19.axb3 a6 20.Nc4 Nb8 21.e5 Nd5 
22.Nd6 Ne3 23.Rf2 Rd7 24.Ne4 Re8 25.Nc5 Rde7 26.Ra4 Rxe5 27.Nxb7 Nd1 28.
Rd2 Re1+ 29.Kh2 Ne3 30.Rf2 Nf1+ 31.Kg1 Ng3+ 32.Kh2 R8e3 33.Rf3 Nf1+ 34.
Rxf1 Rxf1 35.Rxd4 Re8 36.Nc5 Rf2 37.Rc4 g5 38.Nh5 Ree2 39.Ne4 Rxg2+ 40.Kh1
f5 0-1

[Event "Tournoi du Cavalier Cap d'Agde 2008"]
[Site "Cap d'Agde FRA"]
[Date "2008.10.29"]
[Round "6.10"]
[White "Ayasse, Frederic"]
[Black "Andre, Damien"]
[Result "1/2-1/2"]
[WhiteElo "1951"]
[BlackElo "2006"]
[EventDate "2008.??.??"]
[PlyCount "58"]

1.Nf3 Nf6 2.c4 e6 3.g3 d5 4.b3 b6 5.Bg2 Bb7 6.Bb2 Be7 7.O-O Nbd7 8.e3 O-O 
9.Nc3 c5 10.Qe2 Qc8 11.cxd5 Nxd5 12.Nxd5 Bxd5 13.d4 Bf6 14.Rfd1 Qb7 15.Ne1
Bxg2 16.Nxg2 Rfd8 17.e4 cxd4 18.Bxd4 Bxd4 19.Rxd4 Nf6 20.Rad1 Rxd4 21.Rxd4
Rc8 22.Qd2 g6 23.Rd8+ Kg7 24.Rxc8 Qxc8 25.f3 Qc5+ 26.Ne3 Nd7 27.Kg2 Ne5 
28.b4 Qb5 29.f4 Qd3 1/2-1/2

[Event "Tournoi du Cavalier Cap d'Agde 2008"]
[Site "Cap d'Agde FRA"]
[Date "2008.10.29"]
[Round "6.9"]
[White "Gomez, Jose"]
[Black "Gueriche, Guillaume"]
[Result "1/2-1/2"]
[WhiteElo "2018"]
[BlackElo "1934"]
[EventDate "2008.??.??"]
[PlyCount "138"]

1.e4 c5 2.Nf3 d6 3.d4 cxd4 4.Nxd4 Nf6 5.Nc3 g6 6.Be3 Bg7 7.f3 Nc6 8.Qd2 
O-O 9.O-O-O d5 10.Kb1 e5 11.Nxc6 bxc6 12.exd5 Qa5 13.Ne4 Qxd5 14.Nxf6+ 
Bxf6 15.Qxd5 cxd5 16.Rxd5 Be6 17.Ra5 Rfd8 18.Be2 Bg7 19.b3 f5 20.Rd1 Rxd1+
21.Bxd1 Rd8 22.Kc1 f4 23.Bxa7 h5 24.Bb6 Rd7 25.Be2 g5 26.Bd3 Bf6 27.Bg6 
Be7 28.Bc5 Rd5 29.Ra8+ Kg7 30.Bxe7 Kxg6 31.Rf8 Bd7 32.Rf6+ Kg7 33.Rb6 g4 
34.Bb4 g3 35.hxg3 fxg3 36.Be1 h4 37.Rb4 h3 38.Bxg3 hxg2 39.Bf2 Bf5 40.Rh4 
Rd6 41.a4 Rg6 42.Bg1 Rg3 43.Rh2 Bh3 44.a5 Rxf3 45.Kd2 Rg3 46.a6 Bc8 47.a7 
Bb7 48.Rh5 Kf6 49.Rh8 Rf3 50.Ke2 Rf1 51.Rf8+ Ke6 52.a8=Q Bxa8 53.Rxf1 
gxf1=Q+ 54.Kxf1 Be4 55.c3 Bc2 56.b4 Kd5 57.Ke2 Kc4 58.Kd2 Bg6 59.Bh2 e4 
60.Be5 Be8 61.Ke3 Kd5 62.Bd4 Bb5 63.Kf4 Bd3 64.Kg5 Be2 65.Kf6 Kd6 66.Bc5+ 
Kd5 67.Ke7 Bb5 68.Kd8 Kc4 69.Bd4 e3 1/2-1/2

[Event "Tournoi du Cavalier Cap d'Agde 2008"]
[Site "Cap d'Agde FRA"]
[Date "2008.10.29"]
[Round "6.8"]
[White "Fageot, Julien"]
[Black "Penalver, Frederic"]
[Result "1-0"]
[WhiteElo "2022"]
[BlackElo "1941"]
[EventDate "2008.??.??"]
[PlyCount "87"]

1.c4 f5 2.g3 Nf6 3.Nc3 g6 4.Bg2 Bg7 5.d4 O-O 6.Nf3 d6 7.Qb3 c6 8.O-O Kh8 
9.e3 Na6 10.Qc2 Qe8 11.b3 e5 12.Ba3 c5 13.dxe5 dxe5 14.e4 Qe7 15.Qe2 Nb4 
16.h3 Nxe4 17.Bxb4 cxb4 18.Nxe4 fxe4 19.Nd2 e3 20.Qxe3 Bd7 21.Bxb7 Bxh3 
22.Bg2 Bxg2 23.Kxg2 Qb7+ 24.Qe4 Qb6 25.Rae1 Rae8 26.Qe3 Qd4 27.Qxd4 exd4 
28.Rxe8 Rxe8 29.Rd1 Kg8 30.Nf3 Kf7 31.Rd2 Rd8 32.Ng5+ Kf6 33.Ne4+ Kf5 34.
f3 h6 35.Nc5 Bf8 36.Nd3 h5 37.Re2 Bd6 38.Re4 Bb8 39.Nxb4 d3 40.Nd5 Be5 41.
Re3 d2 42.Rd3 Ke6 43.Rxd2 h4 44.Nf4+ 1-0

[Event "Tournoi du Cavalier Cap d'Agde 2008"]
[Site "Cap d'Agde FRA"]
[Date "2008.10.29"]
[Round "6.7"]
[White "Houriez, Alain"]
[Black "Delaplace, Thomas"]
[Result "1-0"]
[WhiteElo "2049"]
[BlackElo "1957"]
[EventDate "2008.??.??"]
[PlyCount "101"]

1.Nf3 Nf6 2.c4 c6 3.g3 d5 4.Bg2 Nbd7 5.cxd5 cxd5 6.d4 Ne4 7.Qa4 a6 8.O-O 
e6 9.Nc3 Nxc3 10.bxc3 b5 11.Qb3 Bd6 12.e4 Bb7 13.e5 Be7 14.a4 Bc6 15.a5 
Rb8 16.Ba3 O-O 17.Rfe1 Re8 18.Bb4 Rc8 19.Rac1 Nb8 20.Nd2 Qd7 21.Qa3 Bb7 
22.Nb3 Nc6 23.Bxe7 Qxe7 24.Nc5 Qc7 25.Ra1 Rb8 26.Bf1 Rec8 27.f4 b4 28.Qb2 
bxc3 29.Qxc3 Nxd4 30.Qxd4 Qxc5 31.Qxc5 Rxc5 32.Rab1 Rc6 33.Rb2 g5 34.Reb1 
gxf4 35.gxf4 Rc7 36.Bxa6 Bxa6 37.Rxb8+ Kg7 38.Ra8 Bd3 39.Ra1 Rc2 40.a6 Be4
41.a7 d4 42.Rd8 Rg2+ 43.Kf1 Rxh2 44.a8=Q Rh1+ 45.Kf2 Rh2+ 46.Kg3 Rg2+ 47.
Kh3 Bxa8 48.Rdxa8 Rd2 49.Rg1+ Kh6 50.Rd8 Rd3+ 51.Kg4 1-0

[Event "Tournoi du Cavalier Cap d'Agde 2008"]
[Site "Cap d'Agde FRA"]
[Date "2008.10.29"]
[Round "6.6"]
[White "Charvin, Olivier"]
[Black "Gonzalez, Paul"]
[Result "1-0"]
[WhiteElo "2066"]
[BlackElo "1974"]
[EventDate "2008.??.??"]
[PlyCount "79"]

1.e4 c5 2.c3 e6 3.d4 d5 4.exd5 exd5 5.Nf3 Bd6 6.dxc5 Bxc5 7.Be2 Nf6 8.O-O 
Bf5 9.Nbd2 Nbd7 10.Nb3 Bb6 11.Nbd4 Bg6 12.Bg5 O-O 13.Nh4 Be4 14.f3 Bg6 15.
Kh1 Ne5 16.f4 Nc4 17.Bxc4 dxc4 18.f5 Bxd4 19.fxg6 Be5 20.Qe2 Qc7 21.Bxf6 
Bxf6 22.gxh7+ Kh8 23.Nf5 Rae8 24.Qg4 Qc6 25.Rae1 Rxe1 26.Rxe1 Re8 27.Rf1 
Re4 28.Qd1 Qe6 29.Ng3 Rh4 30.Re1 Qc6 31.Qe2 Qc7 32.Nf1 Kxh7 33.Qf2 Rf4 34.
Qg3 g6 35.Ne3 Bh4 36.Qh3 Qc6 37.Kg1 Kg7 38.g3 Qf3 39.Qg2 Qxg2+ 40.Nxg2 1-0

[Event "Tournoi du Cavalier Cap d'Agde 2008"]
[Site "Cap d'Agde FRA"]
[Date "2008.10.29"]
[Round "6.5"]
[White "Auroy, Didier"]
[Black "Mora, Pascal"]
[Result "1-0"]
[WhiteElo "1972"]
[BlackElo "2096"]
[EventDate "2008.??.??"]
[PlyCount "71"]

1.d4 d5 2.c4 e6 3.Nc3 Nf6 4.cxd5 exd5 5.Bg5 Nbd7 6.e3 Be7 7.Bd3 O-O 8.Nge2
Re8 9.Qc2 c6 10.O-O Ne4 11.Bf4 Nxc3 12.Nxc3 Nf6 13.Rad1 Bd6 14.Bxd6 Qxd6 
15.e4 Qf4 16.Ne2 Qh6 17.e5 Nh5 18.b4 Bg4 19.f3 Bd7 20.Qd2 Qxd2 21.Rxd2 g6 
22.a4 c5 23.bxc5 Bxa4 24.Nc3 Bc6 25.Nb5 Re7 26.Ra1 a6 27.Nd6 Nf4 28.Bf1 
Rd7 29.g3 Ne6 30.Bh3 a5 31.Ra3 a4 32.Kf2 Kf8 33.Ke3 Ke7 34.Rb2 h5 35.Bf1 
Ra7 36.Nc8+ 1-0

[Event "Tournoi du Cavalier Cap d'Agde 2008"]
[Site "Cap d'Agde FRA"]
[Date "2008.10.29"]
[Round "6.3"]
[White "Simon, Laurent"]
[Black "Saliou, Jean-Yves"]
[Result "1-0"]
[WhiteElo "2058"]
[BlackElo "1987"]
[EventDate "2008.??.??"]
[PlyCount "69"]

1.e4 d6 2.Nc3 Nf6 3.f4 e5 4.Nf3 Nc6 5.Bc4 Be7 6.d3 Bg4 7.h3 Bxf3 8.Qxf3 
Nd4 9.Qd1 Nd7 10.O-O O-O 11.a4 c6 12.Kh1 Bf6 13.Ne2 Nxe2 14.Qxe2 exf4 15.
Bxf4 Ne5 16.Bb3 Ng6 17.Bc1 Be5 18.c3 Qh4 19.Qg4 Qxg4 20.hxg4 Rad8 21.Be3 
c5 22.g5 d5 23.Bxc5 Bd6 24.Bxd6 Rxd6 25.Bxd5 Ne5 26.d4 Ng4 27.Rf3 h6 28.
Raf1 hxg5 29.Bxf7+ Kh8 30.Kg1 Rh6 31.e5 Nh2 32.e6 Nxf3+ 33.Rxf3 g4 34.e7 
Re8 35.Re3 1-0

[Event "Tournoi du Cavalier Cap d'Agde 2008"]
[Site "Cap d'Agde FRA"]
[Date "2008.10.29"]
[Round "6.1"]
[White "Natale, Rodolphe"]
[Black "Lefevre, Margaux"]
[Result "0-1"]
[WhiteElo "2000"]
[BlackElo "1970"]
[EventDate "2008.??.??"]
[PlyCount "100"]

1.e4 c5 2.d4 cxd4 3.Nf3 Nc6 4.Nxd4 Nf6 5.Nc3 d6 6.Bc4 e6 7.Be3 Be7 8.Qe2 
O-O 9.O-O-O Bd7 10.f3 Nxd4 11.Bxd4 Bc6 12.g4 Qc7 13.g5 Nd7 14.h4 a6 15.g6 
hxg6 16.h5 g5 17.h6 e5 18.Qh2 g6 19.Be3 Kh7 20.Qg3 Qd8 21.Rdg1 b5 22.Bd5 
Bxd5 23.Nxd5 f6 24.f4 exf4 25.Nxf4 Rg8 26.Ne6 Qc8 27.Rf1 Ne5 28.Nd4 Qc4 
29.Kb1 Raf8 30.Rf2 Qc8 31.Rg2 Nc4 32.Bc1 Rf7 33.Rf1 Ne5 34.Qb3 Qc4 35.Qxc4
bxc4 36.Nf3 Kxh6 37.Nxe5 dxe5 38.Bxg5+ Kg7 39.Rgf2 Rgf8 40.Bd2 f5 41.Bc3 
fxe4 42.Bxe5+ Kg8 43.Rxf7 Rxf7 44.Re1 Bh4 45.Rh1 e3 46.b3 e2 47.Kb2 Rf1 
48.Rxh4 e1=Q 49.Rh8+ Kf7 50.Rh7+ Ke8 0-1

[Event "Tournoi du Cavalier Cap d'Agde 2008"]
[Site "Cap d'Agde FRA"]
[Date "2008.10.29"]
[Round "5.10"]
[White "Mora, Pascal"]
[Black "Girard, Jean-Pierre"]
[Result "1-0"]
[WhiteElo "2096"]
[BlackElo "1940"]
[EventDate "2008.??.??"]
[PlyCount "67"]

1.e4 c5 2.Nf3 d6 3.d4 cxd4 4.Nxd4 Nf6 5.Nc3 a6 6.a4 e6 7.Bd3 Be7 8.O-O Qc7
9.Be3 b6 10.f4 Nbd7 11.f5 Ne5 12.Qe2 O-O 13.h3 Nxd3 14.cxd3 Bd7 15.g4 d5 
16.Qg2 e5 17.g5 exd4 18.gxf6 Bxf6 19.Nxd5 Qd6 20.Bf4 Be5 21.f6 g6 22.Qg5 
Bxf4 23.Rxf4 Rfe8 24.Ne7+ Rxe7 25.fxe7 Re8 26.h4 Qxe7 27.Qd5 Be6 28.Qxd4 
Rd8 29.Qe3 Qb4 30.Rf2 Qb3 31.Rd2 f5 32.h5 fxe4 33.hxg6 hxg6 34.Qg5 1-0

[Event "Tournoi du Cavalier Cap d'Agde 2008"]
[Site "Cap d'Agde FRA"]
[Date "2008.10.29"]
[Round "5.9"]
[White "Saliou, Jean-Yves"]
[Black "Gelas, Christophe"]
[Result "1-0"]
[WhiteElo "1987"]
[BlackElo "1898"]
[EventDate "2008.??.??"]
[PlyCount "61"]

1.c4 c5 2.g3 Nc6 3.Bg2 g6 4.Nc3 Bg7 5.Nf3 e6 6.d3 Nge7 7.O-O O-O 8.Bf4 a6 
9.Qc1 d5 10.Bh6 Bxh6 11.Qxh6 Nf5 12.Qf4 Re8 13.e4 d4 14.exf5 dxc3 15.fxg6 
hxg6 16.bxc3 Qxd3 17.Ng5 Qf5 18.Qh4 Ne5 19.Ne4 Rf8 20.Ng5 Re8 21.Ne4 Rf8 
22.Rfe1 Kg7 23.Nd6 Nf3+ 24.Bxf3 Qxf3 25.Re3 Qc6 26.Rd1 b6 27.Qe7 Rb8 28.
Ne4 Bb7 29.Qf6+ Kg8 30.g4 Qc7 31.Rh3 1-0

[Event "Tournoi du Cavalier Cap d'Agde 2008"]
[Site "Cap d'Agde FRA"]
[Date "2008.10.29"]
[Round "5.8"]
[White "Ricroque, Jean-Pierre"]
[Black "Saunders, Mark"]
[Result "0-1"]
[WhiteElo "1988"]
[BlackElo "1792"]
[EventDate "2008.??.??"]
[PlyCount "106"]

1.d4 Nf6 2.c4 c5 3.d5 b5 4.Qc2 d6 5.e4 Qa5+ 6.Bd2 b4 7.f4 g6 8.Bd3 Bg7 9.
Nf3 Nfd7 10.O-O Na6 11.Be1 O-O 12.Nbd2 b3 13.Nxb3 Qa4 14.Rf2 Nb4 15.Bxb4 
Qxb4 16.Qd2 Qxd2 17.Rxd2 a5 18.Rb1 a4 19.Nc1 Ba6 20.Rc2 Rfb8 21.Ne2 Rb7 
22.Nc3 Nb6 23.Nb5 Nxc4 24.Bxc4 Bxb5 25.Bxb5 Rxb5 26.Kf1 Rb4 27.Nd2 Rab8 
28.Nc4 Bd4 29.Ke2 f6 30.Kd3 Kf7 31.Re2 R8b7 32.g4 h6 33.Rg2 Rb8 34.Na5 
Rxb2 35.Rbxb2 Rxb2 36.Rxb2 Bxb2 37.f5 g5 38.Nc4 a3 39.Kc2 Ke8 40.Kb3 Kd7 
41.Ka4 Kc7 42.h3 Bc1 43.Kb5 Bb2 44.Na5 Bc1 45.Nc6 Kd7 46.Kb6 Bb2 47.Kb7 
Bd4 48.Na5 Bb2 49.Nc4 Bc1 50.Nb6+ Kd8 51.Kc6 Bb2 52.Nd7 c4 53.Nf8 Be5 0-1

[Event "Tournoi du Cavalier Cap d'Agde 2008"]
[Site "Cap d'Agde FRA"]
[Date "2008.10.29"]
[Round "5.7"]
[White "Gueriche, Guillaume"]
[Black "Fageot, Julien"]
[Result "1/2-1/2"]
[WhiteElo "1934"]
[BlackElo "2022"]
[EventDate "2008.??.??"]
[PlyCount "90"]

1.e4 e6 2.d4 d5 3.Nc3 Nf6 4.e5 Nfd7 5.Nf3 c5 6.dxc5 Bxc5 7.Bd3 Nc6 8.Bf4 
a6 9.O-O Qb6 10.a3 Be7 11.Qe2 Nc5 12.b4 Nxd3 13.Qxd3 Bd7 14.Nd2 Qd4 15.Ne2
Qxd3 16.cxd3 Na7 17.Nd4 Ba4 18.Be3 Nc6 19.Nxc6 Bxc6 20.Nb3 Bb5 21.Rfd1 Ba4
22.Rdb1 Bxb3 23.Rxb3 Kd7 24.Rc1 Rhc8 25.Rbc3 a5 26.bxa5 d4 27.Bxd4 Bxa3 
28.Rxc8 Rxc8 29.Rxc8 Kxc8 30.f4 Kd7 31.Kf2 Kc6 32.Bb6 Bc5+ 33.Bxc5 Kxc5 
34.Ke3 Kb5 35.d4 Kxa5 36.d5 exd5 37.Kd4 Kb6 38.Kxd5 Kc7 39.g4 Kd7 40.f5 g6
41.Kc5 Kc7 42.h4 b6+ 43.Kb5 gxf5 44.gxf5 h5 45.e6 fxe6 1/2-1/2

[Event "Tournoi du Cavalier Cap d'Agde 2008"]
[Site "Cap d'Agde FRA"]
[Date "2008.10.29"]
[Round "5.6"]
[White "Fournier, Camille"]
[Black "Staller, Ecco"]
[Result "1-0"]
[WhiteElo "2030"]
[BlackElo "1900"]
[EventDate "2008.??.??"]
[PlyCount "91"]

1.d4 d5 2.Nf3 c6 3.c4 e6 4.e3 Nd7 5.Nc3 Ngf6 6.Qc2 Be7 7.e4 dxe4 8.Nxe4 
Nxe4 9.Qxe4 Nf6 10.Qc2 O-O 11.Bd3 Re8 12.O-O b6 13.Bf4 Bb7 14.Rad1 Qc8 15.
Qe2 c5 16.Bb1 g6 17.Ne5 cxd4 18.Rxd4 Bc5 19.Rdd1 Bf8 20.a3 Bg7 21.h3 Qc5 
22.b4 Qe7 23.Rd2 Rad8 24.Rfd1 Rxd2 25.Qxd2 Nh5 26.Bh2 Nf6 27.Bc2 Rc8 28.
Bb3 Bf8 29.Bf4 Ne4 30.Qd7 Rc7 31.Qxe7 Rxe7 32.Rd8 g5 33.Bc1 f6 34.Nd7 Rf7 
35.f3 Ng3 36.Bb2 Nh5 37.g4 Nf4 38.Nxf6+ Rxf6 39.Bxf6 Bxf3 40.Be7 Ng6 41.
Bxf8 Nxf8 42.c5 bxc5 43.bxc5 Kg7 44.Ba4 e5 45.c6 Ne6 46.c7 1-0

[Event "Tournoi du Cavalier Cap d'Agde 2008"]
[Site "Cap d'Agde FRA"]
[Date "2008.10.30"]
[Round "7.10"]
[White "Grignon, Maxime"]
[Black "Paci, Romain"]
[Result "1/2-1/2"]
[WhiteElo "1833"]
[BlackElo "1987"]
[EventDate "2008.??.??"]
[PlyCount "47"]

1.d4 g6 2.c4 Bg7 3.Nc3 d6 4.e4 e5 5.Be3 Nc6 6.Nge2 exd4 7.Nxd4 Nge7 8.Be2 
O-O 9.O-O f5 10.exf5 Bxd4 11.Bxd4 Nxf5 12.Be3 Nxe3 13.fxe3 Be6 14.Nd5 
Rxf1+ 15.Qxf1 Ne5 16.Qf4 Kg7 17.Rf1 Bxd5 18.cxd5 Qe7 19.Qd4 b6 20.Qc3 Rf8 
21.Rxf8 Kxf8 22.Qd4 a5 23.Qf4+ Kg8 24.Qd4 1/2-1/2

[Event "Tournoi du Cavalier Cap d'Agde 2008"]
[Site "Cap d'Agde FRA"]
[Date "2008.10.30"]
[Round "7.9"]
[White "Ringuet, Noe"]
[Black "Cwiek, Loic"]
[Result "1/2-1/2"]
[WhiteElo "1860"]
[BlackElo "1993"]
[EventDate "2008.??.??"]
[PlyCount "60"]

1.d4 d5 2.c4 e6 3.Nc3 Nf6 4.cxd5 exd5 5.Bg5 Nbd7 6.e3 c6 7.Bd3 Be7 8.Qc2 
O-O 9.Nge2 Re8 10.O-O Nf8 11.a3 Ne4 12.Bxe7 Qxe7 13.Bxe4 dxe4 14.Na4 f5 
15.b4 Be6 16.Rfc1 Nd7 17.Nc5 Nb6 18.Nxe6 Qxe6 19.Nf4 Qf7 20.Qa2 Rad8 21.
Rc5 Qxa2 22.Rxa2 Nd5 23.Nxd5 Rxd5 24.Rxd5 cxd5 25.Rc2 Re7 26.Rc5 Rd7 27.
Kf1 Kf7 28.Ke2 g5 29.g3 Ke7 30.Kd2 g4 1/2-1/2

[Event "Tournoi du Cavalier Cap d'Agde 2008"]
[Site "Cap d'Agde FRA"]
[Date "2008.10.30"]
[Round "7.8"]
[White "Martin, Bruno"]
[Black "Boukhris-Ferre, Yacine"]
[Result "1/2-1/2"]
[WhiteElo "1995"]
[BlackElo "1916"]
[EventDate "2008.??.??"]
[PlyCount "111"]

1.d4 Nf6 2.c4 g6 3.Nc3 Bg7 4.e4 d6 5.Be2 O-O 6.Nf3 e5 7.O-O Na6 8.Be3 Ng4 
9.Bg5 Qe8 10.dxe5 dxe5 11.h3 h6 12.Bc1 Nf6 13.Be3 Qe7 14.a3 c6 15.Qc2 Nc7 
16.Na4 Nd7 17.c5 Ne6 18.Rfd1 Rd8 19.b4 h5 20.Rd2 Nf4 21.Bf1 Nf8 22.Rxd8 
Qxd8 23.Rd1 Qf6 24.Bxf4 Qxf4 25.Qd3 Be6 26.g3 Qf6 27.Nb2 Nh7 28.Qe3 Rd8 
29.Rxd8+ Qxd8 30.h4 a5 31.Qd2 Qxd2 32.Nxd2 axb4 33.axb4 Nf6 34.Bc4 Bxc4 
35.Nbxc4 Nd7 36.Na5 b6 37.cxb6 Nxb6 38.Nxc6 f6 39.Ne7+ Kf7 40.Nd5 Nxd5 41.
exd5 Bf8 42.b5 Ke7 43.Nc4 Kd7 44.f3 Bc5+ 45.Kg2 Bd4 46.g4 Kc7 47.gxh5 gxh5
48.Kg3 Bc3 49.Kf2 Bb4 50.f4 exf4 51.Kf3 Be1 52.Kxf4 Bxh4 53.Kf5 Bg3 54.
Kxf6 h4 55.Ne3 h3 56.Nf1 1/2-1/2

[Event "Tournoi du Cavalier Cap d'Agde 2008"]
[Site "Cap d'Agde FRA"]
[Date "2008.10.30"]
[Round "7.7"]
[White "Andre, Damien"]
[Black "Staller, Ecco"]
[Result "1/2-1/2"]
[WhiteElo "2006"]
[BlackElo "1900"]
[EventDate "2008.??.??"]
[PlyCount "140"]

1.e4 c5 2.Nf3 d6 3.Bb5+ Bd7 4.Bxd7+ Qxd7 5.d4 Nf6 6.Nc3 cxd4 7.Nxd4 g6 8.
O-O Bg7 9.h3 O-O 10.f4 Nc6 11.Be3 Rfe8 12.f5 Ne5 13.b3 Rac8 14.Nd5 Nxe4 
15.c4 e6 16.f6 exd5 17.fxg7 dxc4 18.Nf3 Ng3 19.Nxe5 Rxe5 20.Rf3 Nf5 21.
Bxa7 b5 22.Bf2 c3 23.Qc2 b4 24.a3 Ra5 25.a4 Re8 26.Rf4 Qb7 27.g4 Ne3 28.
Bxe3 Rxe3 29.Raf1 Rxh3 30.Qg2 Qb6+ 31.Qf2 Qxf2+ 32.R1xf2 c2 33.Rxc2 Rxb3 
34.Rc7 f5 35.gxf5 Rxf5 36.Rd4 Rc5 37.Re7 Rc1+ 38.Kf2 Rc2+ 39.Re2 Rxe2+ 40.
Kxe2 Kxg7 41.Rxd6 Ra3 42.Ra6 h5 43.a5 h4 44.Kf2 Kh6 45.Rb6 b3 46.Kg2 Kh5 
47.a6 g5 48.Rb5 Ra2+ 49.Kh3 b2 50.a7 Ra3+ 51.Kg2 Ra2 52.Kf3 h3 53.Rxb2 
Rxa7 54.Kg3 Ra3+ 55.Kh2 Kh4 56.Rb4+ g4 57.Rc4 Ra2+ 58.Kh1 Rf2 59.Ra4 Kg3 
60.Ra3+ Rf3 61.Ra1 h2 62.Ra3 Kf4 63.Ra4+ Kg5 64.Ra5+ Rf5 65.Rxf5+ Kxf5 66.
Kxh2 Kf4 67.Kg2 g3 68.Kg1 Kf3 69.Kf1 g2+ 70.Kg1 Kg3 1/2-1/2

[Event "Tournoi du Cavalier Cap d'Agde 2008"]
[Site "Cap d'Agde FRA"]
[Date "2008.10.30"]
[Round "7.6"]
[White "Armas, Lara-Maria"]
[Black "Gomez, Jose"]
[Result "1/2-1/2"]
[WhiteElo "1920"]
[BlackElo "2018"]
[EventDate "2008.??.??"]
[PlyCount "91"]

1.d4 e6 2.Nf3 f5 3.e3 Nf6 4.Bd3 b6 5.Nbd2 Bb7 6.b3 Be7 7.Bb2 O-O 8.c4 a5 
9.a3 Qe8 10.Qc2 Na6 11.e4 fxe4 12.Nxe4 Nxe4 13.Bxe4 Bxe4 14.Qxe4 Qf7 15.
O-O Qf5 16.Rae1 Bd6 17.Ne5 Bxe5 18.Qxe5 Qxe5 19.Rxe5 Rf4 20.f3 Raf8 21.Re4
R4f5 22.Rfe1 Rg5 23.Bc1 Rgf5 24.Bd2 c5 25.Bc3 g6 26.Re5 Rb8 27.d5 exd5 28.
Rxf5 gxf5 29.cxd5 Rf8 30.Be5 Re8 31.Kf2 Kf7 32.f4 Rc8 33.Re3 Nc7 34.d6 Ne6
35.Rh3 Kg6 36.Rg3+ Kf7 37.Rh3 Kg6 38.Rc3 Ra8 39.h3 h5 40.Kf3 h4 41.g4 hxg3
42.Kxg3 Kh5 43.Kf2 Rg8 44.Rc1 Kh4 45.Rh1 Rg6 46.Rd1 1/2-1/2

[Event "Tournoi du Cavalier Cap d'Agde 2008"]
[Site "Cap d'Agde FRA"]
[Date "2008.10.30"]
[Round "7.5"]
[White "Auroy, Didier"]
[Black "Houriez, Alain"]
[Result "1-0"]
[WhiteElo "1972"]
[BlackElo "2049"]
[EventDate "2008.??.??"]
[PlyCount "80"]

1.d4 g6 2.Nf3 Bg7 3.c4 d6 4.h3 Nf6 5.Nc3 O-O 6.Bf4 Nbd7 7.e3 c5 8.Be2 Re8 
9.O-O a6 10.Qd2 b6 11.Rfe1 Ra7 12.Bh2 Nf8 13.Bf1 cxd4 14.exd4 e6 15.b4 h6 
16.Red1 Rd7 17.Rac1 Bb7 18.Qe2 g5 19.Nd2 Ng6 20.Nb3 Nf4 21.Qc2 e5 22.f3 
Bc8 23.a4 Qe7 24.Re1 Qd8 25.d5 Rde7 26.Ne4 Nxe4 27.fxe4 h5 28.c5 bxc5 29.
bxc5 g4 30.cxd6 Qxd6 31.Qc6 Qb4 32.d6 Rd7 33.Bxa6 Bxa6 34.Qxd7 Qb6+ 35.Kh1
Rd8 36.Rc6 Qf2 37.Qxd8+ Kh7 38.Rg1 g3 39.Qh4 Bf1 40.Qxg3 Qe2 1-0

[Event "Tournoi du Cavalier Cap d'Agde 2008"]
[Site "Cap d'Agde FRA"]
[Date "2008.10.30"]
[Round "7.4"]
[White "Dujardin, Franck"]
[Black "Natale, Rodolphe"]
[Result "1-0"]
[WhiteElo "2062"]
[BlackElo "2000"]
[EventDate "2008.??.??"]
[PlyCount "114"]

1.e4 c5 2.Nf3 Nc6 3.c3 d5 4.exd5 Qxd5 5.Na3 Bg4 6.Be2 Nf6 7.d4 e6 8.O-O 
cxd4 9.Nb5 O-O-O 10.Nfxd4 Nxd4 11.cxd4 Qxb5 12.Bxg4 Nxg4 13.Qxg4 h5 14.Qf3
Qf5 15.Bf4 Bd6 16.Qc3+ Kb8 17.Bxd6+ Rxd6 18.Rac1 Rd7 19.Qg3+ Ka8 20.Qxg7 
Rhd8 21.Rc5 Qg4 22.Rg5 Qxd4 23.Qxd4 Rxd4 24.Rxh5 Rd2 25.Rb5 Rc2 26.h4 f5 
27.Re1 Rd6 28.Rxf5 a6 29.Rf8+ Ka7 30.Rb1 e5 31.Rf3 e4 32.Rc3 Re2 33.Re3 
Rdd2 34.Rxe2 Rxe2 35.Kf1 Rd2 36.h5 Rd5 37.Re1 Rxh5 38.Rxe4 Rh1+ 39.Ke2 Rb1
40.Rb4 b5 41.Kd2 Kb6 42.Kc2 Rf1 43.Rf4 Kc5 44.a3 a5 45.g4 Rg1 46.Rf5+ Kc6 
47.g5 Rg2 48.Kb3 a4+ 49.Kb4 Rg4+ 50.f4 Rg3 51.Rf6+ Kd5 52.Kxb5 Rb3+ 53.
Kxa4 Rxb2 54.Rf8 Rg2 55.Kb4 Rb2+ 56.Kc3 Ra2 57.Kb3 Rg2 1-0

[Event "Tournoi du Cavalier Cap d'Agde 2008"]
[Site "Cap d'Agde FRA"]
[Date "2008.10.30"]
[Round "7.3"]
[White "Fageot, Julien"]
[Black "Charvin, Olivier"]
[Result "1-0"]
[WhiteElo "2022"]
[BlackElo "2066"]
[EventDate "2008.??.??"]
[PlyCount "69"]

1.c4 e6 2.Nc3 d5 3.d4 c5 4.Nf3 cxd4 5.Nxd4 e5 6.Ndb5 d4 7.Nd5 Na6 8.e3 Bd7
9.a4 Bxb5 10.axb5 Nb4 11.Nxb4 Bxb4+ 12.Bd2 Qe7 13.Ra4 Bd6 14.exd4 exd4+ 
15.Qe2 Kd8 16.Qxe7+ Nxe7 17.Bd3 Re8 18.O-O Nc8 19.Rfa1 g6 20.Kf1 f6 21.Be2
Re7 22.R1a2 Ke8 23.b4 b6 24.Rc2 Rc7 25.Bf3 Rb8 26.Bc6+ Kd8 27.c5 bxc5 28.
bxc5 Rxc6 29.bxc6 Be5 30.f4 d3 31.Rc1 Bb2 32.Rb1 Kc7 33.Ba5+ Kxc6 34.Bc3 
d2 35.Ke2 1-0

[Event "Tournoi du Cavalier Cap d'Agde 2008"]
[Site "Cap d'Agde FRA"]
[Date "2008.10.30"]
[Round "7.2"]
[White "Muha, Zdravko"]
[Black "Fournier, Camille"]
[Result "1-0"]
[WhiteElo "2086"]
[BlackElo "2030"]
[EventDate "2008.??.??"]
[PlyCount "197"]

1.d4 Nf6 2.Nf3 d5 3.Bf4 Bf5 4.e3 e6 5.Nbd2 Bd6 6.Bg3 O-O 7.c4 c6 8.Qb3 
Bxg3 9.hxg3 Qb6 10.Qa3 Nbd7 11.Be2 Bg6 12.O-O Ne4 13.Nxe4 Bxe4 14.Bd3 Qc7 
15.Bxe4 dxe4 16.Ng5 Nf6 17.Qc5 h6 18.Nh3 b6 19.Qa3 Rfd8 20.Rfd1 Rd7 21.Nf4
Rad8 22.Qb3 g5 23.Ne2 c5 24.Rac1 Qc6 25.Qc3 Ng4 26.Qc2 f5 27.dxc5 bxc5 28.
Rxd7 Qxd7 29.Nc3 Qd2 30.Qxd2 Rxd2 31.Na4 Kf7 32.Nxc5 Rxb2 33.Nb3 Nxf2 34.
c5 Nd3 35.Rf1 Ke7 36.c6 Kd6 37.Nd4 Rxa2 38.c7 Kxc7 39.Nxe6+ Kd7 40.Nd4 f4 
41.gxf4 gxf4 42.exf4 Ke8 43.Nf5 Kf8 44.g3 h5 45.Rb1 Kg8 46.Rb8+ Kh7 47.Re8
a5 48.Rxe4 a4 49.Re3 Ra1+ 50.Kg2 Ne1+ 51.Kf2 Nc2 52.Re2 Rc1 53.Re7+ Kg6 
54.Ne3 a3 55.Re6+ Kf7 56.Ra6 Nxe3 57.Kxe3 Rc3+ 58.Kf2 Rc2+ 59.Kf3 Rc3+ 60.
Kg2 Rc2+ 61.Kh3 Ra2 62.Kh4 Rh2+ 63.Kg5 a2 64.f5 Rg2 65.Ra7+ Kg8 66.Kf4 
Rf2+ 67.Ke4 Re2+ 68.Kf3 Rh2 69.Kf4 Rf2+ 70.Kg5 Rg2 71.Kf6 Rxg3 72.Rxa2 Rb3
73.Rh2 Re3 74.Rxh5 Ra3 75.Rh1 Ra6+ 76.Kg5 Kg7 77.Rb1 Ra7 78.Rb6 Kf7 79.Rh6
Ra5 80.Rh7+ Kg8 81.Rb7 Ra6 82.Re7 Kf8 83.Re4 Kf7 84.Rg4 Ra5 85.Rh4 Kg7 86.
Rb4 Ra6 87.Rb7+ Kf8 88.Rc7 Rb6 89.Rd7 Ra6 90.Kf4 Ra5 91.Rd6 Kf7 92.Kg5 Ra7
93.Rh6 Kg7 94.f6+ Kg8 95.Kg6 Ra6 96.Rh5 Rb6 97.Ra5 Rb8 98.Ra7 Rf8 99.f7+ 
1-0